What more is out there? (my little pony) - lyrics - Statistics

General Stats
  • This quiz has been taken 14 times
  • The average score is 140 of 232
Answer Stats
Answer % Correct
a
88%
I
88%
the
88%
The
88%
there
88%
do
75%
go
75%
in
75%
In
75%
is
75%
it
75%
it's
75%
know
75%
me
75%
more
75%
my
75%
of
75%
on
75%
out
75%
these
75%
to
75%
all
63%
and
63%
And
63%
been
63%
can
63%
walked
63%
don't
63%
dont
63%
door
63%
every
63%
for
63%
I'm
63%
I've
63%
off
63%
so
63%
So
63%
that
63%
There's
63%
there's
63%
think
63%
through
63%
time
63%
what
63%
Another
50%
another
50%
before
50%
best
50%
But
50%
cant
50%
class
50%
found
50%
full
50%
halls
50%
havent
50%
highest
50%
inside
50%
Look
50%
met
50%
much
50%
not
50%
offer
50%
own?
50%
people
50%
school
50%
searching
50%
see
50%
Something
50%
something
50%
test
50%
that's
50%
this
50%
This
50%
walls
50%
wrong
50%
yet
50%
afraid
38%
along
38%
at
38%
Beyond
38%
beyond
38%
calling
38%
Cause
38%
fill
38%
find
38%
grade's
38%
hole
38%
I'll
38%
just
38%
learn
38%
like
38%
looking
38%
means
38%
mystery
38%
nothing
38%
oh
38%
only
38%
place
38%
rooms,
38%
saying
38%
score
38%
someday
38%
something's
38%
They
38%
wait
38%
way
38%
Will
38%
alone
25%
belong
25%
better
25%
dream
25%
if
25%
Maybe
25%
still
25%
try
25%
winning
25%
No matching quizzes found
Score Distribution
Percent of People with Each Score
Percentile by Number Answered
Your Score History
You have not taken this quiz